[Event "Vaxjo op"]
[Site "Vaxjo"]
[Date "2024.02.09"]
[Round "4"]
[White "Grahn, Vidar"]
[Black "Frisk, Hans"]
[Result "1-0"]
[WhiteElo "2234"]
[BlackElo "1973"]
[PlyCount "59"]
[EventDate "2024.02.09"]
[EventType "swiss"]
[EventRounds "8"]
[EventCountry "SWE"]
[SourceTitle "CB07_2024"]
[SourceDate "2024.02.14"]
[SourceVersion "1"]
[SourceVersionDate "2024.02.14"]
[SourceQuality "1"]

1. d4 Nf6 2. c4 e6 3. g3 d5 4. Bg2 dxc4 5. Nf3 c5 6. 0-0 Nc6 7. dxc5 Qxd1 8. Rxd1 Bxc5 9. Nbd2 c3 10. bxc3 0-0 11. Nb3 Be7 12. Nfd4 Bd7 13. a4 Rac8 14. Nb5 Rfd8 15. Be3 Nd5 16. Bxd5 exd5 17. Rxd5 Be6 18. Rxd8+ Rxd8 19. Nc5 Bc8 20. Nd3 Bf6 21. Nxa7 Nxa7 22. Bxa7 Bxc3 23. Rc1 Bf6 24. Rc7 g6 25. a5 Bf5 26. Rxb7 Bxd3 27. exd3 Rxd3 28. Bc5 Rd1+ 29. Kg2 Ra1 30. Rb8+ 1-0

[Event "Hasselbacken op"]
[Site "Stockholm"]
[Date "2018.11.02"]
[Round "1"]
[White "Frisk, Hans"]
[Black "Seo, Jung Min"]
[Result "0-1"]
[WhiteElo "1924"]
[BlackElo "2369"]
[PlyCount "82"]
[EventDate "2018.11.02"]
[EventType "swiss"]
[EventRounds "8"]
[EventCountry "SWE"]
[SourceTitle "CBM 187 Extra"]
[Source "ChessBase"]
[SourceDate "2018.11.04"]
[SourceVersion "1"]
[SourceVersionDate "2018.11.04"]
[SourceQuality "1"]

1. Nf3 Nf6 2. c4 b6 3. g3 Bb7 4. Bg2 g6 5. b3 Bg7 6. Bb2 c5 7. 0-0 0-0 8. e3 d6 9. d4 Nbd7 10. Nc3 Rc8 11. Qd2 Qc7 12. Rac1 Qb8 13. Rfd1 Rfd8 14. d5 a6 15. a4 Nf8 16. e4 e6 17. Re1 Re8 18. Rcd1 Rcd8 19. Bh3 Bc8 20. Nh4 exd5 21. Bxc8 Qxc8 22. exd5 Qh3 23. f3 N8d7 24. Rxe8+ Rxe8 25. Re1 Rxe1+ 26. Qxe1 Ne5 27. Ne4 Nxe4 28. Qxe4 Nxf3+ 29. Nxf3 Bxb2 30. Qe8+ Kg7 31. Qxf7+ Kxf7 32. Ng5+ Kf6 33. Nxh3 Kf5 34. Kf1 g5 35. Nf2 Bd4 36. h3 Bxf2 37. Kxf2 Ke4 38. Ke2 h5 39. h4 g4 40. Kf2 Kd3 41. Ke1 Ke3 0-1

[Event "Helsingor Xtracon op"]
[Site "Helsingor"]
[Date "2018.07.27"]
[Round "8"]
[White "Ji, Jiahao Eric"]
[Black "Frisk, Hans"]
[Result "1/2-1/2"]
[WhiteElo "1463"]
[BlackElo "2004"]
[PlyCount "70"]
[EventDate "2018.07.21"]
[EventType "swiss"]
[EventRounds "10"]
[EventCountry "DEN"]
[SourceTitle "CBM 185 Extra"]
[Source "ChessBase"]
[SourceDate "2018.07.29"]
[SourceVersion "1"]
[SourceVersionDate "2018.07.29"]
[SourceQuality "1"]

1. e4 e5 2. Nf3 Nf6 3. Nxe5 d6 4. Nf3 Nxe4 5. d4 d5 6. Bd3 Bd6 7. 0-0 0-0 8. Re1 Bf5 9. a3 a5 10. c4 c6 11. c5 Bc7 12. Nc3 Re8 13. Qc2 Nd7 14. Nxe4 Bxe4 15. Bxe4 dxe4 16. Rxe4 Rxe4 17. Qxe4 Qe8 18. Qxe8+ Rxe8 19. Be3 Nf6 20. Re1 Nd5 21. g3 f6 22. Nd2 a4 23. Nc4 Kf7 24. Bd2 Rxe1+ 25. Bxe1 b5 26. Ne3 Ke6 27. Kg2 Nxe3+ 28. fxe3 Kd5 29. Kf3 f5 30. Bc3 h5 31. h3 g6 32. g4 hxg4+ 33. hxg4 Bb8 34. gxf5 gxf5 35. Bb4 Bc7 1/2-1/2

[Event "Helsingor Xtracon op"]
[Site "Helsingor"]
[Date "2018.07.24"]
[Round "5"]
[White "Frisk, Hans"]
[Black "Larsen, Hans Haagen"]
[Result "1/2-1/2"]
[WhiteElo "2004"]
[BlackElo "1679"]
[PlyCount "57"]
[EventDate "2018.07.21"]
[EventType "swiss"]
[EventRounds "10"]
[EventCountry "DEN"]
[SourceTitle "CBM 185 Extra"]
[Source "ChessBase"]
[SourceDate "2018.07.29"]
[SourceVersion "1"]
[SourceVersionDate "2018.07.29"]
[SourceQuality "1"]

1. b3 d6 2. Bb2 Nc6 3. e3 e5 4. Nf3 Be7 5. d4 exd4 6. Nxd4 Nxd4 7. Bxd4 Bf6 8. c4 Bxd4 9. Qxd4 Qf6 10. Qxf6 Nxf6 11. Nc3 Bf5 12. Nd5 Nxd5 13. cxd5 Be4 14. Rd1 Ke7 15. f3 Bg6 16. Rc1 Rhc8 17. Kd2 c5 18. dxc6 Rxc6 19. Bb5 Rc5 20. Bd3 Bxd3 21. Kxd3 Rac8 22. Kd2 a5 23. Rxc5 Rxc5 24. a4 Ke6 25. Kd3 f5 26. e4 b5 27. exf5+ Kxf5 28. axb5 Rxb5 29. Kc3 1/2-1/2

[Event "Helsingor Xtracon op"]
[Site "Helsingor"]
[Date "2018.07.22"]
[Round "2"]
[White "Bach, Matthias"]
[Black "Frisk, Hans"]
[Result "1-0"]
[WhiteElo "2267"]
[BlackElo "2004"]
[PlyCount "83"]
[EventDate "2018.07.21"]
[EventType "swiss"]
[EventRounds "10"]
[EventCountry "DEN"]
[SourceTitle "CBM 185 Extra"]
[Source "ChessBase"]
[SourceDate "2018.07.29"]
[SourceVersion "1"]
[SourceVersionDate "2018.07.29"]
[SourceQuality "1"]

1. d4 Nf6 2. c4 e6 3. Nc3 Bb4 4. Bg5 h6 5. Bh4 b6 6. e3 g5 7. Bg3 Ne4 8. Rc1 Bxc3+ 9. bxc3 Nxg3 10. hxg3 Bb7 11. d5 Qf6 12. Nf3 e5 13. Nd2 d6 14. Bd3 Nd7 15. Ne4 Qg7 16. g4 Nc5 17. Nxc5 bxc5 18. Qa4+ Ke7 19. Qa5 Kd8 20. Bf5 Bc8 21. Rb1 Bxf5 22. Rb7 f6 23. gxf5 a6 24. Ke2 Qd7 25. Rhb1 Qc8 26. e4 h5 27. Qa4 Qd7 28. Qa3 Qc8 29. R1b3 h4 30. Qa4 Qd7 31. Rb8+ Ke7 32. Qxd7+ Kxd7 33. Rxa8 Rxa8 34. Kf3 Ra7 35. Rb8 Ke7 36. Kg4 a5 37. Kh5 Ra6 38. f3 Ra7 39. Kg6 a4 40. a3 Ra6 41. Rb7 Ra8 42. Rxc7+ 1-0

[Event "Helsingor Xtracon op"]
[Site "Helsingor"]
[Date "2018.07.22"]
[Round "3"]
[White "Frisk, Hans"]
[Black "Woltery, Nicolai"]
[Result "0-1"]
[WhiteElo "2004"]
[BlackElo "1715"]
[PlyCount "120"]
[EventDate "2018.07.21"]
[EventType "swiss"]
[EventRounds "10"]
[EventCountry "DEN"]
[SourceTitle "CBM 185 Extra"]
[Source "ChessBase"]
[SourceDate "2018.07.29"]
[SourceVersion "1"]
[SourceVersionDate "2018.07.29"]
[SourceQuality "1"]

1. Nf3 Nf6 2. e3 g6 3. c4 Bg7 4. Nc3 d6 5. d4 0-0 6. Be2 c5 7. d5 Nbd7 8. 0-0 a6 9. a4 Ng4 10. h3 Nge5 11. Nxe5 Nxe5 12. e4 b6 13. Be3 a5 14. f4 Nd7 15. Qd2 Nb8 16. Bf3 Na6 17. Rae1 Nb4 18. Bf2 Bd7 19. e5 Bf5 20. g4 Bd3 21. Be2 Bxe2 22. Rxe2 Qd7 23. e6 fxe6 24. Rxe6 Rf6 25. Rfe1 Rxe6 26. Rxe6 Rf8 27. Qe2 Rf7 28. Qe4 Bf6 29. Qe2 Bd4 30. Qe4 Bxf2+ 31. Kxf2 Rxf4+ 32. Qxf4 Nd3+ 33. Ke3 Nxf4 34. Kxf4 Qe8 35. Ke3 Qf8 36. Ne4 Qh6+ 37. Ke2 Kf8 38. Nxd6 exd6 39. Rf6+ Ke7 40. Rf3 Qg5 41. b3 h5 42. gxh5 Qxh5 43. Kf2 Qh4+ 44. Ke2 g5 45. Kf1 Qe4 46. Kf2 Qd4+ 47. Kg2 Qd2+ 48. Kg3 Qd4 49. Kg2 Kd8 50. Rf8+ Kc7 51. Rf7+ Kc8 52. Rf8+ Kb7 53. Rf7+ Ka6 54. Rf3 b5 55. axb5+ Kb6 56. Rg3 Qb2+ 57. Kg1 Qc1+ 58. Kg2 Qc2+ 59. Kg1 a4 60. bxa4 Qxc4 0-1

[Event "Helsingor Xtracon op"]
[Site "Helsingor"]
[Date "2018.07.21"]
[Round "1"]
[White "Frisk, Hans"]
[Black "Nielsen, Bjorn1111"]
[Result "1-0"]
[WhiteElo "2004"]
[BlackElo "1261"]
[PlyCount "111"]
[EventDate "2018.07.21"]
[EventType "swiss"]
[EventRounds "10"]
[EventCountry "DEN"]
[SourceTitle "CBM 185 Extra"]
[Source "ChessBase"]
[SourceDate "2018.07.29"]
[SourceVersion "1"]
[SourceVersionDate "2018.07.29"]
[SourceQuality "1"]

1. c4 e5 2. g3 Nc6 3. Bg2 Nf6 4. Nc3 Be7 5. e3 e4 6. Nxe4 Nxe4 7. Bxe4 g6 8. Ne2 0-0 9. 0-0 Bf6 10. d4 Qe7 11. Bg2 Rb8 12. Nc3 b6 13. Nd5 Qd8 14. Nxf6+ Qxf6 15. b3 a5 16. Bb2 Qe7 17. d5 Nd8 18. Qd4 f6 19. d6 Qxd6 20. Qxd6 cxd6 21. Rfd1 Nb7 22. Ba3 Kf7 23. Bxd6 Nxd6 24. Rxd6 Rd8 25. Rad1 Ke7 26. h4 f5 27. h5 g5 28. Rh6 Rh8 29. Bh3 g4 30. Bg2 Ba6 31. Rdd6 Bc8 32. Rxb6 Rxb6 33. Rxb6 d6 34. Rb8 Rd8 35. Ra8 h6 36. Rxa5 Kf6 37. Ra8 Ke7 38. a4 Be6 39. Rxd8 Kxd8 40. Bd5 Bd7 41. Kf1 Kc7 42. a5 Bc8 43. b4 Kb8 44. Ke2 Ka7 45. Kd3 Ka6 46. Kd4 Bd7 47. Bf7 Bc8 48. Kd5 Bb7+ 49. Kxd6 Be4 50. Ke5 Ka7 51. Bd5 Bc2 52. b5 Kb8 53. b6 Ba4 54. a6 Bd7 55. a7+ Kc8 56. a8Q# 1-0

[Event "Deltalift op"]
[Site "Tylosand"]
[Date "2018.05.12"]
[Round "7"]
[White "Blomstrom, Lars"]
[Black "Frisk, Hans"]
[Result "1-0"]
[WhiteElo "2163"]
[BlackElo "2002"]
[PlyCount "111"]
[EventDate "2018.05.10"]
[EventType "swiss"]
[EventRounds "8"]
[EventCountry "SWE"]
[SourceTitle "CBM 184 Extra"]
[Source "ChessBase"]
[SourceDate "2018.06.28"]
[SourceVersion "1"]
[SourceVersionDate "2018.06.28"]
[SourceQuality "1"]

1. e4 e5 2. Nf3 Nf6 3. Nxe5 d6 4. Nf3 Nxe4 5. Nc3 Nxc3 6. dxc3 Be7 7. Be3 Nc6 8. Qd2 Be6 9. 0-0-0 Qd7 10. Kb1 a6 11. h3 0-0-0 12. Be2 h6 13. Nd4 Nxd4 14. cxd4 d5 15. Qa5 Bf5 16. Rc1 Qd6 17. a3 Qb6 18. Qxb6 cxb6 19. a4 g5 20. Bh5 Be6 21. Rhe1 Kd7 22. f4 f5 23. Re2 Rhf8 24. Rce1 Bf7 25. Bf3 Bf6 26. g4 gxf4 27. Bxf4 Bh4 28. Rg1 Rfe8 29. Rxe8 Rxe8 30. gxf5 Bf6 31. Bxh6 Bxd4 32. Rd1 Rh8 33. Rxd4 Rxh6 34. Bxd5 Bxd5 35. Rxd5+ Kc6 36. Rd3 Rh4 37. Rf3 Kd7 38. f6 Ke8 39. f7+ Kf8 40. b3 Rh6 41. Kb2 Re6 42. Rf4 Rh6 43. h4 Re6 44. Kc3 Rh6 45. Kd3 Re6 46. Kd4 Re2 47. Kd3 Re6 48. Rf5 Rh6 49. h5 Re6 50. c4 a5 51. Kd4 Re1 52. Rf6 Rd1+ 53. Kc3 Rh1 54. h6 Rh3+ 55. Kb2 Rh2+ 56. Ka3 1-0

[Event "Helsingor Xtracon op"]
[Site "Helsingor"]
[Date "2017.07.30"]
[Round "10"]
[White "Kardoeus, David"]
[Black "Frisk, Hans"]
[Result "1-0"]
[WhiteElo "2165"]
[BlackElo "1997"]
[PlyCount "153"]
[EventDate "2017.07.22"]
[EventType "swiss"]
[EventRounds "10"]
[EventCountry "DEN"]
[SourceTitle "CBM 179 Extra"]
[Source "ChessBase"]
[SourceDate "2017.08.23"]
[SourceVersion "1"]
[SourceVersionDate "2017.08.23"]
[SourceQuality "1"]

1. e4 e5 2. Nf3 Nf6 3. d4 Nxe4 4. Bd3 d5 5. Nxe5 Nd7 6. Nxd7 Bxd7 7. Qe2 Qe7 8. 0-0 Nf6 9. Qd2 Be6 10. Nc3 g6 11. f4 h5 12. f5 gxf5 13. Bxf5 Bh6 14. Qxh6 Rxh6 15. Bxh6 Ng4 16. Bxg4 hxg4 17. Bg7 Kd7 18. a3 Rg8 19. Bf6 Qf8 20. g3 Qh6 21. Rae1 Rg6 22. Be5 a6 23. Rf2 Qh7 24. Re3 Rh6 25. Na4 Bf5 26. Nc5+ Kc8 27. Bf6 Be4 28. b3 Rxf6 29. Rxf6 Qg7 30. Nxe4 dxe4 31. Rf2 Qxd4 32. Rfe2 f5 33. Kg2 b5 34. h3 gxh3+ 35. Kxh3 Qh8+ 36. Kg2 Qd4 37. Re1 Qd2+ 38. R3e2 Qg5 39. Rf1 Kd7 40. Rf4 c5 41. Ref2 c4 42. bxc4 bxc4 43. Rxf5 Qe3 44. g4 Qxa3 45. g5 e3 46. Re2 Qe7 47. Kf3 Qe6 48. Kf4 Qd6+ 49. Re5 Qd4+ 50. Re4 Qd6+ 51. Kg4 a5 52. c3 Kc6 53. Rxc4+ Kb5 54. Re4 Qd7+ 55. Kg3 Qc7+ 56. Kf3 Qxc3 57. R2xe3 Qc6 58. Kg4 Qd7+ 59. Re6 a4 60. Kf4 a3 61. R6e5+ Ka4 62. R5e4+ Kb5 63. Rb3+ Kc5 64. Rxa3 Qc7+ 65. Re5+ Kd4 66. Ra4+ Kd3 67. Ra3+ Kd4 68. Rae3 Qf7+ 69. Kg4 Qd7+ 70. Re6 Kc5 71. g6 Qd1+ 72. Kg5 Qd8+ 73. Re7 Kd4 74. R3e4+ Kd5 75. g7 Qb8 76. R4e5+ Kd6 77. Re8 1-0

[Event "Helsingor Xtracon op"]
[Site "Helsingor"]
[Date "2017.07.26"]
[Round "6"]
[White "Petersen, Peter Birk"]
[Black "Frisk, Hans"]
[Result "1-0"]
[WhiteElo "2179"]
[BlackElo "1997"]
[PlyCount "89"]
[EventDate "2017.07.22"]
[EventType "swiss"]
[EventRounds "10"]
[EventCountry "DEN"]
[SourceTitle "CBM 179 Extra"]
[Source "ChessBase"]
[SourceDate "2017.08.23"]
[SourceVersion "1"]
[SourceVersionDate "2017.08.23"]
[SourceQuality "1"]

1. e4 e5 2. Nf3 Nc6 3. Bb5 g6 4. c3 a6 5. Ba4 d6 6. d4 Bd7 7. 0-0 Bg7 8. a3 Nf6 9. d5 Ne7 10. Bxd7+ Qxd7 11. Re1 0-0 12. c4 h6 13. Nc3 Ne8 14. Rb1 f5 15. Qa4 Qc8 16. c5 f4 17. cxd6 cxd6 18. Nd2 g5 19. Qb4 Ng6 20. f3 Nh4 21. Na4 Qc7 22. Qb6 Rc8 23. b3 Qxb6+ 24. Nxb6 Rc2 25. Rb2 Rxb2 26. Bxb2 h5 27. Rc1 g4 28. a4 gxf3 29. gxf3 Rf6 30. Kf2 Rg6 31. Rg1 Rxg1 32. Kxg1 Bf6 33. Ba3 Bd8 34. Nc8 Bc7 35. Kf2 b5 36. axb5 axb5 37. Nb1 Kf7 38. Nc3 Ng6 39. Nxb5 Bb8 40. Ncxd6+ Bxd6 41. Bxd6 Nxd6 42. Nxd6+ Ke7 43. Nc4 Kd7 44. b4 Kc8 45. Ke2 1-0

[Event "Helsingor Xtracon op"]
[Site "Helsingor"]
[Date "2017.07.22"]
[Round "1"]
[White "Frisk, Hans"]
[Black "Hestholm, Gustav"]
[Result "1-0"]
[WhiteElo "1997"]
[BlackElo "1379"]
[PlyCount "73"]
[EventDate "2017.07.22"]
[EventType "swiss"]
[EventRounds "10"]
[EventCountry "DEN"]
[SourceTitle "CBM 179 Extra"]
[Source "ChessBase"]
[SourceDate "2017.08.23"]
[SourceVersion "1"]
[SourceVersionDate "2017.08.23"]
[SourceQuality "1"]

1. c4 e5 2. g3 Nf6 3. Bg2 Bb4 4. a3 Bc5 5. e3 c6 6. b4 Bb6 7. Bb2 d6 8. Ne2 Be6 9. Qc2 Qd7 10. 0-0 Bf5 11. d3 Bh3 12. Nd2 h5 13. Nf3 Bxg2 14. Kxg2 Qg4 15. c5 e4 16. dxe4 dxc5 17. bxc5 Bc7 18. e5 Nd5 19. e4 Ne7 20. Nf4 Ng6 21. Nxg6 Qxg6 22. Nh4 Qe6 23. Nf5 Kf8 24. Nd6 Nd7 25. f4 h4 26. f5 hxg3 27. fxe6 Rxh2+ 28. Kxg3 Rxc2 29. Rxf7+ Kg8 30. Rxd7 Bxd6 31. cxd6 Rxb2 32. e7 Rb3+ 33. Kg4 Re8 34. Rd8 Kf7 35. Rf1+ Ke6 36. Rxe8 Kd7 37. Rd8+ 1-0

[Event "Helsingor Xtracon op"]
[Site "Helsingor"]
[Date "2016.07.29"]
[Round "8"]
[White "Frisk, Hans"]
[Black "Jorgensen, Dennis"]
[Result "0-1"]
[WhiteElo "1981"]
[BlackElo "2215"]
[PlyCount "232"]
[EventDate "2016.07.23"]
[EventType "swiss"]
[EventRounds "10"]
[EventCountry "DEN"]
[SourceTitle "CBM 173 Extra"]
[Source "ChessBase"]
[SourceDate "2016.08.29"]
[SourceVersion "1"]
[SourceVersionDate "2016.08.29"]
[SourceQuality "1"]

1. e4 c6 2. Nf3 d5 3. Nc3 dxe4 4. Nxe4 Nf6 5. Qe2 Bf5 6. Nxf6+ gxf6 7. d4 Na6 8. c3 Nc7 9. g3 Qd7 10. Bg2 Bh3 11. Bxh3 Qxh3 12. Bd2 0-0-0 13. 0-0-0 Qf5 14. Nh4 Qa5 15. Kb1 e6 16. f4 Bd6 17. Rhe1 Rhg8 18. Nf3 Rd7 19. Bc1 Kb8 20. Nd2 Be7 21. Qe4 Qh5 22. Nf3 Rgd8 23. Qe2 Ka8 24. Be3 Nd5 25. Bg1 Nb6 26. Nd2 Qh3 27. Nf3 Qf5+ 28. Qc2 Qd5 29. Nd2 Qh5 30. Nf1 c5 31. Kc1 c4 32. Ne3 Qa5 33. Kb1 f5 34. d5 Nxd5 35. Nxc4 Qb5 36. Ne3 h6 37. Nxd5 Rxd5 38. Kc1 Qc6 39. Rxd5 Qxd5 40. Rd1 Qxa2 41. Rxd8+ Bxd8 42. Qd3 Qa1+ 43. Kc2 Qa4+ 44. Kc1 Bc7 45. Bd4 Qc6 46. Be5 Bb6 47. Kc2 h5 48. Qd1 Qa4+ 49. b3 Qa2+ 50. Kd3 Qxh2 51. Kc4 Qg2 52. Qd6 Qc6+ 53. Qxc6 bxc6 54. Bf6 Kb7 55. Kd3 Kc8 56. Kc4 Bf2 57. Bh4 Kd7 58. Kd3 Be1 59. c4 Bf2 60. Ke2 Bc5 61. Bf6 a6 62. Kf3 Be7 63. Bc3 f6 64. Kg2 Ke8 65. Kh3 Kf7 66. Kh4 Kg6 67. Bd4 e5 68. Be3 Bb4 69. Kh3 Be1 70. Kh4 Bc3 71. Kh3 Bd4 72. Bd2 Kf7 73. Kh4 Bf2 74. Bc1 Ke6 75. Bd2 e4 76. Bc3 Kf7 77. Kh3 Be3 78. Kg2 Kg6 79. Be1 h4 80. Kh3 Kh5 81. Bc3 Bf2 82. gxh4 Bxh4 83. Bd4 Be1 84. Be3 Kg6 85. Kg2 Bb4 86. Kh3 Bc3 87. Kg3 Kh5 88. Kh3 Be1 89. Bc1 Bf2 90. Kg2 Bd4 91. Kg3 c5 92. Bd2 Bg1 93. Be1 Be3 94. Bc3 Kg6 95. Be1 Kf7 96. Bc3 Bc1 97. Be1 Ba3 98. Bd2 Ke6 99. Be3 Kd6 100. Bd2 Bb4 101. Bc1 Bc3 102. Be3 Kc6 103. Kh4 Kb6 104. Kh5 Bd4 105. Bd2 e3 106. Be1 Bb2 107. Kg6 Bc1 108. Kxf6 Bd2 109. Bh4 e2 110. Kxf5 e1Q 111. Bxe1 Bxe1 112. Ke6 Ka5 113. f5 Bh4 114. Ke5 Kb4 115. Kd5 Bf6 116. Ke6 Bd4 0-1

[Event "Helsingor Xtracon op"]
[Site "Helsingor"]
[Date "2016.07.26"]
[Round "5"]
[White "Maselli, Daniel"]
[Black "Frisk, Hans"]
[Result "1/2-1/2"]
[WhiteElo "1751"]
[BlackElo "1981"]
[PlyCount "57"]
[EventDate "2016.07.23"]
[EventType "swiss"]
[EventRounds "10"]
[EventCountry "DEN"]
[SourceTitle "CBM 173 Extra"]
[Source "ChessBase"]
[SourceDate "2016.08.29"]
[SourceVersion "1"]
[SourceVersionDate "2016.08.29"]
[SourceQuality "1"]

1. d4 Nf6 2. Nf3 e6 3. Bg5 h6 4. Bh4 d6 5. e3 g5 6. Bg3 Nh5 7. Bd3 Bg7 8. Nbd2 Nd7 9. Qe2 Qe7 10. c3 f5 11. 0-0-0 Nxg3 12. hxg3 Nf6 13. e4 fxe4 14. Nxe4 Nxe4 15. Bxe4 Qf6 16. Qc2 0-0 17. Kb1 Bd7 18. Rh2 g4 19. Nh4 Be8 20. f3 d5 21. Bh7+ Kh8 22. f4 c5 23. Rhh1 cxd4 24. cxd4 Bf7 25. Bg6 Rac8 26. Qd3 Kg8 27. Bh7+ Kh8 28. Bg6 Kg8 29. Bh7+ 1/2-1/2

[Event "Politiken Cup 37th"]
[Site "Helsingor"]
[Date "2015.07.30"]
[Round "7"]
[White "Frisk, Hans"]
[Black "Andersen, Dag"]
[Result "1/2-1/2"]
[WhiteElo "2013"]
[BlackElo "1840"]
[PlyCount "85"]
[EventDate "2015.07.25"]
[EventType "swiss"]
[EventRounds "10"]
[EventCountry "DEN"]
[SourceTitle "CBM 167 Extra"]
[Source "ChessBase"]
[SourceDate "2015.09.14"]
[SourceVersion "1"]
[SourceVersionDate "2015.09.14"]
[SourceQuality "1"]

1. b3 e5 2. Bb2 Nc6 3. e3 d5 4. Bb5 Bd6 5. f4 Qe7 6. Nf3 f6 7. 0-0 e4 8. Nd4 Bd7 9. Qh5+ Qf7 10. Qxf7+ Kxf7 11. Nc3 Nge7 12. Nxc6 bxc6 13. Be2 h5 14. Nd1 Rae8 15. c4 Nf5 16. Rc1 Bb4 17. Rc2 dxc4 18. Bxc4+ Kg6 19. a3 Bd6 20. Nf2 h4 21. b4 Re7 22. Ba2 Rb8 23. Bc4 Ree8 24. Bc3 Bf8 25. Re1 Nd6 26. Ba2 Nb5 27. Bb2 Ra8 28. a4 Nd6 29. b5 cxb5 30. Rxc7 Be6 31. Bxe6 Rxe6 32. axb5 Nxb5 33. Rc4 Nd6 34. Ra4 f5 35. Rea1 Nb5 36. Ra5 Rb6 37. Ra6 Rd8 38. Rxb6+ axb6 39. Ra6 Bc5 40. Bc1 Rc8 41. Bb2 Rd8 42. Bc1 Rc8 43. Bb2 1/2-1/2

[Event "Politiken Cup 37th"]
[Site "Helsingor"]
[Date "2015.07.28"]
[Round "5"]
[White "Frisk, Hans"]
[Black "Christensen, Lasse"]
[Result "1/2-1/2"]
[WhiteElo "2013"]
[BlackElo "2168"]
[PlyCount "87"]
[EventDate "2015.07.25"]
[EventType "swiss"]
[EventRounds "10"]
[EventCountry "DEN"]
[SourceTitle "CBM 167 Extra"]
[Source "ChessBase"]
[SourceDate "2015.09.14"]
[SourceVersion "1"]
[SourceVersionDate "2015.09.14"]
[SourceQuality "1"]

1. c4 e5 2. g3 Nc6 3. Nc3 Nf6 4. Bg2 Bb4 5. Nd5 Bc5 6. e3 0-0 7. Ne2 Nxd5 8. cxd5 Ne7 9. 0-0 d6 10. d4 exd4 11. Nxd4 Bb6 12. b3 Bd7 13. Bb2 c6 14. dxc6 bxc6 15. Rc1 Rc8 16. Qd3 c5 17. Ne2 d5 18. Rfd1 Bg4 19. h3 Bxe2 20. Qxe2 d4 21. exd4 cxd4 22. Rxc8 Nxc8 23. Qd3 Qc7 24. Kh2 Rd8 25. Be4 g6 26. Qf3 Qe5 27. Bd3 Nd6 28. Bc1 h5 29. h4 Nf5 30. Bxf5 Qxf5 31. Qxf5 gxf5 32. Rd3 Rc8 33. Bd2 Rc2 34. a4 Ra2 35. Kg2 Kg7 36. Bg5 f6 37. Bd2 Kf7 38. Kf3 Ke6 39. Kf4 Bc7+ 40. Kf3 Bb6 41. a5 Bxa5 42. Bxa5 Rxa5 43. Rxd4 Rb5 44. Rd3 1/2-1/2

[Event "Politiken Cup 37th"]
[Site "Helsingor"]
[Date "2015.07.26"]
[Round "2"]
[White "Haug, Johannes"]
[Black "Frisk, Hans"]
[Result "1-0"]
[WhiteElo "2236"]
[BlackElo "2013"]
[PlyCount "89"]
[EventDate "2015.07.25"]
[EventType "swiss"]
[EventRounds "10"]
[EventCountry "DEN"]
[SourceTitle "CBM 167 Extra"]
[Source "ChessBase"]
[SourceDate "2015.09.14"]
[SourceVersion "1"]
[SourceVersionDate "2015.09.14"]
[SourceQuality "1"]

1. e4 e5 2. Nf3 Nf6 3. d4 Nxe4 4. Bd3 d5 5. dxe5 Be7 6. 0-0 Nc5 7. Be2 0-0 8. Nc3 c6 9. Nd4 f6 10. exf6 Bxf6 11. Be3 Ne6 12. Na4 Nxd4 13. Bxd4 Bxd4 14. Qxd4 Qf6 15. Qxf6 Rxf6 16. c4 Be6 17. Nc5 Na6 18. Nxa6 bxa6 19. cxd5 Bxd5 20. Bxa6 Rb8 21. b3 Rb4 22. Rac1 Rg4 23. g3 Bf3 24. Rc3 Rg5 25. Bc4+ Bd5 26. Rfc1 Bxc4 27. Rxc4 Ra5 28. a4 Ra6 29. R1c3 h6 30. Kg2 Rb6 31. a5 Rb5 32. b4 c5 33. Rxc5 Rxb4 34. Rc6 Ra4 35. Rxf6 gxf6 36. Rc8+ Kf7 37. Rc7+ Kg6 38. Rxa7 Ra2 39. Ra8 h5 40. a6 Ra4 41. Kh3 Ra2 42. a7 Kg7 43. Kh4 Rxf2 44. Rg8+ Kh7 45. Kh3 1-0

[Event "Politiken Cup 37th"]
[Site "Helsingor"]
[Date "2015.07.25"]
[Round "1"]
[White "Frisk, Hans"]
[Black "Gaure, Sigurd Lauvas"]
[Result "1-0"]
[WhiteElo "2013"]
[BlackElo "1406"]
[PlyCount "67"]
[EventDate "2015.07.25"]
[EventType "swiss"]
[EventRounds "10"]
[EventCountry "DEN"]
[SourceTitle "CBM 167 Extra"]
[Source "ChessBase"]
[SourceDate "2015.09.14"]
[SourceVersion "1"]
[SourceVersionDate "2015.09.14"]
[SourceQuality "1"]

1. Nf3 d5 2. c4 Nf6 3. g3 dxc4 4. Na3 Qd5 5. Qa4+ Nc6 6. Qxc4 Be6 7. Qxd5 Bxd5 8. Bg2 Nd4 9. Nxd4 Bxg2 10. Rg1 Be4 11. d3 Bg6 12. Ndb5 0-0-0 13. Nxa7+ Kb8 14. N7b5 c6 15. Bf4+ Kc8 16. Nc3 Nd5 17. Nxd5 Rxd5 18. Nc4 Rb5 19. a4 Rb4 20. a5 f6 21. Bd2 Rb5 22. a6 bxa6 23. Rxa6 Kb7 24. Ra5 e5 25. e4 Rxa5 26. Bxa5 Be7 27. Ke2 Ra8 28. Bc3 Kc7 29. f4 exf4 30. gxf4 Bh5+ 31. Kd2 g5 32. fxg5 fxg5 33. Be5+ Kb7 34. Bd6 1-0

[Event "Politiken Cup 36th"]
[Site "Helsingor"]
[Date "2014.07.28"]
[Round "9"]
[White "Frisk, Hans"]
[Black "Helin, Mikael"]
[Result "0-1"]
[WhiteElo "2042"]
[BlackElo "1885"]
[PlyCount "62"]
[EventDate "2014.07.21"]
[EventType "swiss"]
[EventRounds "10"]
[EventCountry "DEN"]
[SourceTitle "CBM 161 Extra"]
[Source "ChessBase"]
[SourceDate "2014.08.29"]
[SourceVersion "1"]
[SourceVersionDate "2014.08.29"]
[SourceQuality "1"]

1. b3 c5 2. Bb2 Nc6 3. Nf3 e6 4. e3 d5 5. Bb5 Nge7 6. 0-0 a6 7. Bxc6+ Nxc6 8. d4 b6 9. Nbd2 f5 10. dxc5 bxc5 11. Ne5 Nxe5 12. Bxe5 Ra7 13. f4 Qh4 14. Rf3 Qh5 15. Qe1 h6 16. Rh3 Qf7 17. Nf3 Rg8 18. Rg3 Be7 19. h4 Rd7 20. Qc3 Bb7 21. Rd1 g5 22. hxg5 hxg5 23. fxg5 d4 24. exd4 Qh5 25. Rd3 Be4 26. dxc5 Bxd3 27. cxd3 Bxg5 28. Nxg5 Rxg5 29. c6 Rh7 30. Rxg5 Qxg5 31. c7 Qe3+ 0-1

[Event "Politiken Cup 36th"]
[Site "Helsingor"]
[Date "2014.07.27"]
[Round "8"]
[White "Olsson, Tomas"]
[Black "Frisk, Hans"]
[Result "1/2-1/2"]
[WhiteElo "1872"]
[BlackElo "2042"]
[PlyCount "85"]
[EventDate "2014.07.21"]
[EventType "swiss"]
[EventRounds "10"]
[EventCountry "DEN"]
[SourceTitle "CBM 161 Extra"]
[Source "ChessBase"]
[SourceDate "2014.08.29"]
[SourceVersion "1"]
[SourceVersionDate "2014.08.29"]
[SourceQuality "1"]

1. Nf3 d5 2. g3 Nc6 3. d4 Bf5 4. Bg2 Nb4 5. Na3 e6 6. c3 Na6 7. 0-0 Nf6 8. Ne5 Bd6 9. Nc2 h6 10. Ne3 Bh7 11. c4 c6 12. b3 0-0 13. Bb2 Nd7 14. Nxd7 Qxd7 15. a3 Nc7 16. Re1 a5 17. Nf1 Be7 18. Nd2 Ne8 19. e4 dxe4 20. Nxe4 Nf6 21. Nd2 Rfd8 22. Nf3 Qc7 23. Qe2 Bf8 24. Rac1 Qb6 25. Qe3 c5 26. h3 Rac8 27. Red1 Be4 28. Ne5 Bxg2 29. Kxg2 Qc7 30. a4 Nd7 31. Nxd7 Rxd7 32. Qe2 Rcd8 33. dxc5 Qc6+ 34. Kg1 Qxc5 35. Rxd7 Rxd7 36. Rd1 Rxd1+ 37. Qxd1 Qf5 38. Bd4 Qxh3 39. Qf3 Qf5 40. Qxb7 Kh7 41. Kg2 e5 42. Qd5 Qc2 43. Bxe5 1/2-1/2